| 000 | 00742nam a22002057a 4500 | ||
|---|---|---|---|
| 005 | 20180611155128.0 | ||
| 010 | _aB-689393-394 | ||
| 020 |
_a9788179981535 _c125.00 |
||
| 035 | _aB-689393-394 | ||
| 037 |
_bMalik & Com. _adpl |
||
| 082 | _a821 | ||
| 100 | _aHudson, William Henry | ||
| 245 |
_aAn introduction to the study of english literature / _cby William Henry Hudson |
||
| 260 |
_aNew Delhi _bMalik & Company _c2015 |
||
| 270 |
_a23 Daryaganj, _bNew Delhi _e110002 |
||
| 300 | v |
_ax,318p. _c21cm(pbk) |
|
| 500 | _aIncludes index | ||
| 942 |
_2ddc _cEN _mHUD _h821 |
||
| 999 |
_c145885 _d145885 |
||